| 000 | 02144nam2a22003731 4500 | ||
|---|---|---|---|
| 001 | v19\rc\1192330 | ||
| 005 | 20260407113443.0 | ||
| 035 | _a(NLR Aleph) 004449863 | ||
| 090 |
_a4468052 _c4468052 |
||
| 100 | _a20060306d1886 |||y0rusy50 ca | ||
| 101 | 0 | _arus | |
| 102 | _aRU | ||
| 105 | _ay z ||||| | ||
| 135 | _acrmn mmmaaada | ||
| 200 | 0 |
_a... 1786 года _f[под редакцией Г.В. Есипова] |
|
| 210 |
_aСанктпетербург _c[Общий Архив Министерства Императорского Двора] _d1886 |
||
| 215 | _a[4], 768 с. | ||
| 300 | _aОбщее заглавие: Камер-Фурьерский церемониальный журнал... | ||
| 325 | _aКопия доступна в Электрон. б-ке РНБ http://vivaldi.nlr.ru/bv000020307/view | ||
| 461 | 0 |
_1001v19\rc\1192249 _12001#$aКамер-фурьерские журналы...$v... 1786 года$90 _95206396 _cС.-Петербург _d1850-1916 _nТипография Департамента Уделов _tКамер-фурьерские журналы... _v... 1786 года$90 |
|
| 517 | 1 | _aКамер-фурьерский церемониальный журнал 1786 года | |
| 600 | 0 |
_aЕкатерина _cимператрица российская _dII _f1729 - 1796 _91053825 _3RU\NLR\AUTH\66407813 |
|
| 686 | 1 | _aТ3(2)464,022.1 | |
| 702 | 0 |
_4570 _7ca _8rus _aЕкатерина _cимператрица российская _dII _f1729-1796 _9112115 _3RU\NLR\AUTH\772098 |
|
| 702 | 1 |
_4340 _7ca _8rus _aЕсипов _bГ. В. _f1812-1899 _gГригорий Васильевич _990774 _3RU\NLR\AUTH\77107849 |
|
| 712 | 0 | 1 |
_4475 _aРоссия _bМинистерство Императорского двора и уделов _bОбщий архив _9382603 _3RU\NLR\AUTH\889943705 |
| 801 | 0 |
_aRU _bNLR _gpsbo |
|
| 801 | 1 |
_aRU _bProSoft-M _2rusmarc |
|
| 852 |
_aNLR _j38.80.3.1 (1786) |
||
| 942 | _cBOOK | ||
| 980 | _aNB | ||
| 981 | 2 | 2 |
_a(22) Материалы по истории России _b(22) Камер-фурьерские журналы |